Global distribution systems (GDBs) in the tourism industry : draft
Αποθηκεύτηκε σε:
| Συγγραφή απο Οργανισμό/Αρχή: | |
|---|---|
| Μορφή: | Βιβλίο |
| Γλώσσα: | English |
| Δημοσίευση: |
Madrid :
World Tourism Organization,
c1995
|
| Θέματα: | |
| Ετικέτες: |
Προσθήκη ετικέτας
Δεν υπάρχουν, Καταχωρήστε ετικέτα πρώτοι!
|
MARC
| LEADER | 00000nam a2200000 i 4500 | ||
|---|---|---|---|
| 001 | 1/66907 | ||
| 008 | 980917s1995 eng d | ||
| 020 | |a 0119845202 | ||
| 035 | |l 10029905 | ||
| 040 | |a GR-MY-UA |b gre |e aacr | ||
| 041 | 0 | |a eng | |
| 082 | 0 | |a 338.4791 | |
| 110 | 2 | |a World Tourism Organization. | |
| 245 | 1 | 0 | |a Global distribution systems (GDBs) in the tourism industry : |b draft / |c prepared by: World Tourism Organization |
| 260 | |a Madrid : |b World Tourism Organization, |c c1995 | ||
| 300 | |a 107 p. | ||
| 500 | |a includes appendix | ||
| 650 | 0 | 0 | |a Tourism. |
| 852 | |a INST |b CHIOS |e 19990331 |h 338.4791 GLO |p 005200014485 |q 005200014485 |t BK |y 0 | ||
| 852 | |a INST |b CHIOS |e 19990331 |h 338.4791 GLO |p 005200014486 |q 005200014486 |t BK |y 0 | ||
| 852 | |a INST |b CHIOS |e 19990331 |h 338.4791 GLO |p 005200014487 |q 005200014487 |t BK |y 0 | ||
| 852 | |a INST |b CHIOS |e 19980917 |h 338.4791 GLO |p 005200015580 |q 005200015580 |t BK |y 0 | ||
| 901 | |a BIBL-1998-3 | ||
| 909 | |a Χ |b 058850 | ||
| 909 | |a Χ |b 055693 | ||
| 909 | |a Χ |b 055694 | ||
| 909 | |a Χ |b 055695 | ||
| 922 | |a 2ΕΛΗ |b 199807 |c ΤΔΕ |d ΠΑΠΑΣΩΤΗΡΙΟΥ | ||
| 922 | |a 2ΔΩΡ |b 199903 |c ΜΕΤΑΠΤΥΧΙΑΚΟ ΤΟΥΡΙΣΜΟΥ | ||